Statistics for Biggest Trading Partners - Haiti

Click here to take the quiz!

General Stats

  • This quiz has been taken 211 times
  • The average score is 15 of 20

Answer Stats

ImportsAnswer% Correct
1.09 bilUnited States of America
99%
917 milUnited States of America
99%
29 milMexico
97%
453 milChina
94%
6 milChina
94%
48 milFrance
94%
13 milFrance
94%
29 milCanada
91%
7 milUnited Kingdom
90%
800 milDominican Republic
84%
51 milDominican Republic
84%
8 milSpain
83%
66 milIndia
75%
52 milSouth Korea
66%
59 milPanama
63%
57 milGuatemala
51%
8 milBelgium
50%
108 milIndonesia
44%
50 milPeru
39%
7 milAlgeria
11%

Score Distribution

Percentile by Number Answered

Percent of People with Each Score

Your Score History

You have not taken this quiz